Húgyúti fejlődési rendellenességek kezelése
Elmentve itt :
| Szerző: | |
|---|---|
| Dokumentumtípus: | Könyv része |
| Megjelent: |
2001
|
| Sorozat: | Tiszaparti esték
2 Tiszaparti esték : gyermekgyógyászati továbbképző előadások 2000-2001 2 |
| Kulcsszavak: | Húgyúti betegségek |
| Tárgyszavak: | |
| Online Access: | http://acta.bibl.u-szeged.hu/18720 |
| LEADER | 00783naa a2200217 i 4500 | ||
|---|---|---|---|
| 001 | acta18720 | ||
| 005 | 20220304154105.0 | ||
| 008 | 161015s2001 hu o 0|| hun d | ||
| 022 | |a 1588-3515 | ||
| 040 | |a SZTE Egyetemi Kiadványok Repozitórium |b hun | ||
| 041 | |a hun | ||
| 100 | 1 | |a Füzesi Kristóf | |
| 245 | 1 | 0 | |a Húgyúti fejlődési rendellenességek kezelése |h [elektronikus dokumentum] / |c Füzesi Kristóf |
| 260 | |c 2001 | ||
| 300 | |a 54-62 | ||
| 490 | 0 | |a Tiszaparti esték |v 2 | |
| 490 | 0 | |a Tiszaparti esték : gyermekgyógyászati továbbképző előadások 2000-2001 |v 2 | |
| 650 | 4 | |a Orvos- és egészségtudomány | |
| 650 | 4 | |a Klinikai orvostan | |
| 695 | |a Húgyúti betegségek | ||
| 856 | 4 | 0 | |u http://acta.bibl.u-szeged.hu/18720/1/tiszaparti_2000_054-062.pdf |z Dokumentum-elérés |